Probability and statistics (Record no. 9296)

MARC details
000 -LEADER
fixed length control field 00599cam a2200205ua 4500
008 - FIXED-LENGTH DATA ELEMENTS--GENERAL INFORMATION
fixed length control field 180314n ii |||gr||||Z||||||eng
020 ## - INTERNATIONAL STANDARD BOOK NUMBER
International Standard Book Number 9780070151543
040 ## - CATALOGING SOURCE
Transcribing agency MAIN
082 ## - DEWEY DECIMAL CLASSIFICATION NUMBER
Classification number 519.5
100 ## - MAIN ENTRY--PERSONAL NAME
Personal name Spiegel, Murray R,
Relator term
245 ## - TITLE STATEMENT
Title Probability and statistics
Statement of responsibility, etc. By Murray R Spiegel and others
250 ## - EDITION STATEMENT
Edition statement 3rd ed.
260 ## - PUBLICATION, DISTRIBUTION, ETC.
Place of publication, distribution, etc. Chennai:
Name of publisher, distributor, etc. McGraw hill education,
Date of publication, distribution, etc. 2017.
700 ## - ADDED ENTRY--PERSONAL NAME
Personal name Schiller, John J,
Relator term
700 ## - ADDED ENTRY--PERSONAL NAME
Personal name Srinivasan, R Alu,
Relator term
700 ## - ADDED ENTRY--PERSONAL NAME
Personal name Goswami, Debashree,
Relator term
942 ## - ADDED ENTRY ELEMENTS (KOHA)
Koha item type Books
653 ## - INDEX TERM--UNCONTROLLED
Uncontrolled term Probabilities & applied mathematics
Holdings
Withdrawn status Lost status Damaged status Not for loan Home library Current library Shelving location Date acquired Total Checkouts Full call number Barcode Date last seen Copy number Price effective from Koha item type
        Central Library, Naharkatiya College Central Library, Naharkatiya College General Stacks 19/09/2020   519.5 | PRO 24596 19/09/2020 1 19/09/2020 Books

Naharkatiya College © 2020. All rights reserved.

Powered By